000 00802nam1a22002051i 4500
001 rc\3367513
005 20240726003829.0
035 _a(NLR Aleph) 007445479
090 _a7160677
_c7160677
100 _a20130115d1972 |||y0rusy50 ca
101 0 _arus
102 _aRU
105 _ay z |||||
200 1 _aТиповые нормы времени на ремонт оборудования сахарных заводов
_eУтв. М-вом пищ. пром-сти СССР 29.12.72 г.
_fМ-во пищ. пром-сти СССР, Всесоюз. науч.-произв. об-ние "Сахар", ВНИИ сахар. пром-сти
210 _aКиев
_cВНИИСП
_d1972
215 _d20
801 0 _aRU
_bNLR
_gpsbo
801 1 _aRU
_bELAR
_2rusmarc
852 _aNLR
_jПт 66.1/28-3
942 _cBOOK